|
|
|
|
| LEADER |
00000nam0a2200000 4500 |
| 001 |
67187 |
| 005 |
20231101212313.0 |
| 010 |
|
|
|a 506004601X
|
| 035 |
|
|
|a (RuTPU)RU\TPU\book\71549
|
| 090 |
|
|
|a 67187
|
| 100 |
|
|
|a 20040914d2004 m y0rusy50 ca
|
| 101 |
0 |
|
|a rus
|
| 102 |
|
|
|a RU
|
| 105 |
|
|
|a a j 000zy
|
| 200 |
1 |
|
|a Ньютоновская механика
|e учебное пособие
|f Р. Х. Казаков
|
| 210 |
|
|
|a Москва
|c Высшая школа
|d 2004
|
| 215 |
|
|
|a 231 с.
|c ил.
|
| 606 |
|
|
|a Ньютоновская механика
|2 stltpush
|3 (RuTPU)RU\TPU\subj\39670
|9 59637
|
| 610 |
1 |
|
|a кинематика
|
| 610 |
1 |
|
|a материальные точки
|
| 610 |
1 |
|
|a твердые тела
|
| 610 |
1 |
|
|a вращательные движения
|
| 610 |
1 |
|
|a динамика
|
| 610 |
1 |
|
|a колебательные движения
|
| 610 |
1 |
|
|a гравитационные поля
|
| 610 |
1 |
|
|a несжимаемые жидкости
|
| 610 |
1 |
|
|a закон сохранения импульса
|
| 610 |
1 |
|
|a закон сохранения энергии
|
| 610 |
1 |
|
|a учебные пособия
|
| 675 |
|
|
|a 531(075)
|v 3
|
| 700 |
|
1 |
|a Казаков
|b Р. Х.
|g Рустам Хамзич
|
| 801 |
|
1 |
|a RU
|b 63413507
|c 20040914
|g PSBO
|
| 801 |
|
2 |
|a RU
|b 63413507
|c 20180428
|g PSBO
|
| 942 |
|
|
|c BK
|